01217nam a2200289Ia 4500001001200000003000800012006001900020007001500039008004100054020003400095020001500129040002100144035002000165050002700185110004000212245012700252260005500379300002800434504004100462533015200503650004200655650003900697655002900736710001700765856012600782999001900908ebr10055121CaPaEBRm u cr cn|||||||||000804s1997 dcuc sb 000 0ceng d z0585220239 (electronic bk.) : z0309057884 aCaPaEBRcCaPaEBR a(OCoLC)7075372214aQ141b.N38 v.72 1997eb2 aNational Academy of Sciences (U.S.)10aBiographical memoirs.nVolume 72 /h[electronic resource] /cNational Academy of Sciences of the United States of America. aWashington, D.C. :bNational Academy Press,c1997. aviii, 398 p. :bports. aIncludes bibliographical references. aElectronic reproduction.bPalo Alto, Calif. :cebrary,d2009.nAvailable via World Wide Web.nAccess may be limited to ebrary affiliated libraries. 0aScientistszUnited StatesvBiography. 0aSciencezUnited StatesvBiography. 7aElectronic books.2local2 aebrary, Inc.40uhttp://site.ebrary.com/lib/rucke/Doc?id=10055121zAn electronic book accessible through the World Wide Web; click to view c165987d165986